00671cam a22001694a 4500999001900000020001500019082001000034100004000044245006800084260006500152300004400217942001200261504005400273650002300327710001000350952014100360 c535038d535038 a9698938001 a954.61 aParācah, T̤āriq Faiz̤,d1935-10aKashmīr :bankahī kahānī /cT̤āriq Faiz̤ Parācah. a[Muzaffarabad, Azad Kashmir] :bMaktabah-yi Faiz̤,c[2001?] a25, 334 p. :bcol. ill., maps ;c25 cm. 2ddccBK aIncludes bibliographical references (p. 325-334). 0aPostmasters9295282 929529 00102ddc406954_600000000000000_TAR709497344aCLbCLcGENd2020-08-27eDonationl0o954.6 TARpCL-D-1000r2020-09-08w2020-08-27yBK